شروق و الأمير فارس / (رقم التسجيلة. 110649)

تفاصيل مارك
000 -LEADER
fixed length control field 00826nam a22002537a 4500
005 - DATE AND TIME OF LATEST TRANSACTION
control field 20251108173720.0
008 - FIXED-LENGTH DATA ELEMENTS--GENERAL INFORMATION
fixed length control field 250721s2006 xx 000 0 ara d
020 ## - INTERNATIONAL STANDARD BOOK NUMBER
International Standard Book Number 9957360981
082 14 - DEWEY DECIMAL CLASSIFICATION NUMBER
Classification number ط/ق/برغ
100 1# - MAIN ENTRY--PERSONAL NAME
Personal name البرغوثي، ريما
245 10 - TITLE STATEMENT
Title شروق و الأمير فارس /
246 11 - VARYING FORM OF TITLE
Title proper/short title shorouq and princen faris
246 13 - VARYING FORM OF TITLE
Title proper/short title قصص كان في قديم الزمان
264 1# - PRODUCTION, PUBLICATION, DISTRIBUTION, MANUFACTURE, AND COPYRIGHT NOTICE
Place of production, publication, distribution, manufacture عمان :
Name of producer, publisher, distributor, manufacturer دار الأسرة للنشر و التوزيع،
Date of production, publication, distribution, manufacture, or copyright notice 2006.
300 ## - PHYSICAL DESCRIPTION
Extent 16ص.
490 0# - SERIES STATEMENT
Series statement تنمية القراءة باللغتين
650 17 - SUBJECT ADDED ENTRY--TOPICAL TERM
Topical term or geographic name as entry element القرااه
650 17 - SUBJECT ADDED ENTRY--TOPICAL TERM
Topical term or geographic name as entry element التعلم
650 17 - SUBJECT ADDED ENTRY--TOPICAL TERM
Topical term or geographic name as entry element قصص الاطفال
653 ## - INDEX TERM--UNCONTROLLED
Uncontrolled term مرحله اطفال متوسطه (6-9 سنوات )
700 1# - ADDED ENTRY--PERSONAL NAME
Personal name العدوان، موسى
Relator term مترجم
942 ## - ADDED ENTRY ELEMENTS (KOHA)
Source of classification or shelving scheme Dewey Decimal Classification
Koha item type كتب
المقتنيات
حالة السحب حالة الفقدان مصدر التصنيف حالة التلف غير قابل للإعارة المكتبة الرئيسية المكتبة الحالية تاريخ التزويد الرقم المتسلسل Total Checkouts رقم الإستدعاء الباركود تاريخ آخر ظهور تاريخ الفاتورة نوع المادة (كوها)
    Dewey Decimal Classification     مكتبة مرج الحمام مكتبة مرج الحمام 28/07/2025 1155755   ط/ق/برغ 1155755 28/07/2025 28/07/2025 كتب
Implemented & Customized by: BBB with SCIT (Smart Chains for Information Technology)

Powered by Koha